[Event "FRA-chT4 1516"]
[Site "Champagne Ardennes"]
[Date "2015.10.11"]
[Round "1.1"]
[White "Sohier, Renaud"]
[Black "Pytel, Krzysztof"]
[Result "0-1"]
[WhiteElo "2042"]
[BlackElo "2297"]
[PlyCount "138"]
[EventDate "2015.12.06"]
[EventType "team-tourn"]
[EventRounds "7"]
[EventCountry "FRA"]
[SourceTitle "EXT 2024"]
[Source "ChessBase"]
[SourceDate "2023.10.10"]
[SourceVersion "1"]
[SourceVersionDate "2023.10.10"]
[SourceQuality "1"]

1. d4 f5 2. g3 Nf6 3. Bg2 g6 4. c4 Bg7 5. Nc3 d6 6. Nf3 0-0 7. Ng5 h6 8. Nf3 Nc6 9. Nh4 g5 10. Ng6 Re8 11. h4 g4 12. Be3 e5 13. dxe5 Nxe5 14. Nxe5 dxe5 15. Qb3 c6 16. 0-0 Qc7 17. Rad1 Be6 18. Bc5 Nd7 19. Bd6 Qb6 20. Qc2 e4 21. b4 Ne5 22. c5 Qxb4 23. Rb1 Qa3 24. Nxe4 fxe4 25. Bxe5 Bxe5 26. Qxe4 Bg7 27. Rxb7 Qxc5 28. Qg6 Re7 29. Rfb1 Rf8 30. Rxe7 Qxe7 31. Be4 Qf6 32. Qh7+ Kf7 33. Bxc6 Ke7 34. Qd3 Qxf2+ 35. Kh1 Qd4 36. Rb7+ Kd6 37. Qa3+ Qc5 38. Qd3+ Kxc6 39. Qa6+ Kd5 40. Rb5 Bd4 41. Rxc5+ Bxc5 42. Qd3+ Kc6 43. a4 Kc7 44. Qe4 Bd7 45. Qe5+ Bd6 46. Qa5+ Kb7 47. Kg1 Rf5 48. Qd2 Bc5+ 49. e3 Bxa4 50. Qb2+ Bb6 51. Qg7+ Ka6 52. Qc3 Rf3 53. Qc8+ Ka5 54. Qxg4 Bxe3+ 55. Kh2 Bc6 56. Qe6 Kb6 57. g4 a5 58. Qb3+ Kc7 59. Qe6 a4 60. Qe7+ Kb6 61. Qb4+ Ka7 62. Qa5+ Kb7 63. Qb4+ Bb6 64. g5 h5 65. Qe7+ Bc7+ 66. Kg1 a3 67. g6 a2 68. Qg7 Rh3 69. Kf2 Rh1 0-1

[Event "FRA-chT4 1415"]
[Site "Champagne Ardennes"]
[Date "2015.02.01"]
[Round "5"]
[White "Moret, Florian"]
[Black "Pytel, Krzysztof"]
[Result "0-1"]
[WhiteElo "1950"]
[BlackElo "1973"]
[PlyCount "42"]
[EventDate "2014.10.16"]
[EventType "team-tourn"]
[EventRounds "7"]
[EventCountry "FRA"]
[SourceTitle "EXT 2024"]
[Source "ChessBase"]
[SourceDate "2023.10.10"]
[SourceVersion "1"]
[SourceVersionDate "2023.10.10"]
[SourceQuality "1"]

1. e4 d6 2. d4 g6 3. Nc3 Nf6 4. f4 Bg7 5. Nf3 0-0 6. Bc4 c5 7. 0-0 cxd4 8. Nxd4 Nc6 9. Nxc6 bxc6 10. Qe1 d5 11. Bd3 e6 12. Kh1 a5 13. Qh4 Ba6 14. Rf3 Nxe4 15. Qxd8 Rfxd8 16. Bxa6 Rxa6 17. Nxe4 dxe4 18. Rf1 f5 19. Rb1 Rb6 20. b3 Bc3 21. Be3 Rb5 0-1

[Event "FRA-chT4 1415"]
[Site "Champagne Ardennes"]
[Date "2015.01.11"]
[Round "4"]
[White "Pytel, Krzysztof"]
[Black "Massart, Jeremy"]
[Result "1-0"]
[WhiteElo "2295"]
[BlackElo "1940"]
[PlyCount "89"]
[EventDate "2014.10.16"]
[EventType "team-tourn"]
[EventRounds "7"]
[EventCountry "FRA"]
[SourceTitle "EXT 2024"]
[Source "ChessBase"]
[SourceDate "2023.10.10"]
[SourceVersion "1"]
[SourceVersionDate "2023.10.10"]
[SourceQuality "1"]

1. e4 Nf6 2. e5 Nd5 3. d4 d6 4. f4 dxe5 5. fxe5 Bf5 6. Nf3 e6 7. Bd3 Bxd3 8. Qxd3 Be7 9. 0-0 0-0 10. Qe4 c5 11. c4 Nb6 12. dxc5 Bxc5+ 13. Kh1 Be7 14. Nc3 N8d7 15. Qg4 Kh8 16. Be3 Qc7 17. b3 Nxe5 18. Qg3 Nbd7 19. Nb5 Qb8 20. Bf4 f6 21. Rad1 Qc8 22. Bxe5 fxe5 23. Nxe5 Rxf1+ 24. Rxf1 Nxe5 25. Qxe5 Bf6 26. Qe4 a6 27. Nd6 Qc6 28. Qxc6 bxc6 29. Re1 e5 30. Nf7+ Kg8 31. Nxe5 Bxe5 32. Rxe5 Rd8 33. g3 Kf7 34. Ra5 Ra8 35. Rc5 Rc8 36. b4 Ke6 37. Ra5 Ra8 38. b5 cxb5 39. cxb5 Kd6 40. Kg1 Kc7 41. Rxa6 Rxa6 42. bxa6 Kb6 43. Kf2 Kxa6 44. Ke3 Kb5 45. Kd4 1-0

[Event "Rennes op 4th"]
[Site "Rennes"]
[Date "2011.07.20"]
[Round "6"]
[White "Aubry, Yannis"]
[Black "Pytel, Krzysztof"]
[Result "0-1"]
[WhiteElo "2073"]
[BlackElo "2314"]
[PlyCount "126"]
[EventDate "2011.07.16"]
[EventType "swiss"]
[EventRounds "9"]
[EventCountry "FRA"]
[SourceTitle "CBM 143 Extra"]
[Source "ChessBase"]
[SourceDate "2011.08.29"]
[SourceVersion "1"]
[SourceVersionDate "2011.08.29"]
[SourceQuality "1"]

1. e4 c5 2. Nf3 e6 3. c3 d5 4. exd5 exd5 5. d4 Nc6 6. Be3 c4 7. b3 cxb3 8. axb3 Bd6 9. Be2 Nge7 10. 0-0 0-0 11. Bg5 f6 12. Bh4 Nf5 13. Bg3 Nxg3 14. hxg3 Re8 15. Na3 Bg4 16. Nc2 Bh5 17. Qd2 Bf7 18. c4 b6 19. Ra4 Na5 20. Rb1 dxc4 21. bxc4 Qd7 22. Rxa5 bxa5 23. c5 Bxc5 24. Bb5 Qb7 25. dxc5 a6 26. Qxa5 axb5 27. Qxb5 Qxb5 28. Rxb5 Rec8 29. Ne3 Be8 30. Rb2 Rxc5 31. g4 Bd7 32. Rb7 Bc8 33. Rb2 Kf7 34. Kh2 h5 35. gxh5 Rxh5+ 36. Kg3 Rc5 37. Nd4 Ra3 38. Nf3 Ra7 39. Nd4 Rb7 40. Ra2 Rg5+ 41. Kh2 Rd7 42. Nf3 Rh5+ 43. Kg3 Bb7 44. Nd2 Rg5+ 45. Kh2 Rd4 46. Ndf1 Kg6 47. Ng3 Rh4+ 48. Kg1 Rb4 49. f3 Rgb5 50. Kh2 Rb2 51. Rxb2 Rxb2 52. Nef5 Kf7 53. Kg1 g6 54. Nh6+ Ke6 55. Ng4 f5 56. Nf2 g5 57. Nh5 Kf7 58. Ng3 Kg6 59. Ngh1 g4 60. fxg4 fxg4 61. Ng3 Kg5 62. Nge4+ Bxe4 63. Nxe4+ Kf4 0-1

[Event "Rennes op 4th"]
[Site "Rennes"]
[Date "2011.07.17"]
[Round "3"]
[White "Pytel, Krzysztof"]
[Black "Martin, Yvon"]
[Result "1-0"]
[WhiteElo "2314"]
[BlackElo "1718"]
[PlyCount "65"]
[EventDate "2011.07.16"]
[EventType "swiss"]
[EventRounds "9"]
[EventCountry "FRA"]
[SourceTitle "CBM 143 Extra"]
[Source "ChessBase"]
[SourceDate "2011.08.29"]
[SourceVersion "1"]
[SourceVersionDate "2011.08.29"]
[SourceQuality "1"]

1. d4 f5 2. Nf3 Nf6 3. Bf4 e6 4. e3 Be7 5. h3 0-0 6. Be2 Ne4 7. 0-0 g5 8. Bh2 b6 9. Nfd2 Ba6 10. Nxe4 Bxe2 11. Qxe2 fxe4 12. Qg4 Na6 13. Qxe4 Rf6 14. Nc3 c6 15. f4 Rg6 16. a3 g4 17. hxg4 Rxg4 18. Qf3 h5 19. f5 exf5 20. Qe2 Qf8 21. Qxa6 Qg7 22. Qe2 Rf8 23. Rf3 d6 24. Raf1 Qg6 25. Rf4 Rf7 26. e4 Rxf4 27. Rxf4 Bf6 28. e5 dxe5 29. dxe5 Bg5 30. Rd4 Kh7 31. Rd6 Qg7 32. Qxh5+ Bh6 33. Bf4 1-0

[Event "Eupen"]
[Site "Eupen"]
[Date "2010.08.27"]
[Round "7"]
[White "Braun, Christian1111"]
[Black "Pytel, Krzysztof"]
[Result "1/2-1/2"]
[WhiteElo "2373"]
[BlackElo "2360"]
[PlyCount "93"]
[EventDate "2010.08.21"]
[EventType "tourn"]
[EventRounds "9"]
[EventCountry "BEL"]
[EventCategory "4"]
[SourceTitle "CBM 138 Extra"]
[Source "ChessBase"]
[SourceDate "2010.10.29"]
[SourceVersion "1"]
[SourceVersionDate "2010.10.29"]
[SourceQuality "1"]

1. d3 d5 2. Nf3 c5 3. g3 Nc6 4. Bg2 Nf6 5. 0-0 g6 6. Nc3 Bg7 7. e4 0-0 8. Nd2 d4 9. Ne2 e5 10. h3 Ne8 11. f4 Nd6 12. Nf3 f6 13. fxe5 fxe5 14. Bg5 Qb6 15. b3 Be6 16. Qc1 Qc7 17. Bh6 Bxh6 18. Qxh6 Nf7 19. Qd2 b5 20. c3 Rac8 21. c4 bxc4 22. bxc4 Qe7 23. Rab1 Rb8 24. a3 Kg7 25. Kh2 h6 26. Neg1 Qc7 27. h4 Rxb1 28. Rxb1 Rb8 29. Rxb8 Qxb8 30. Qc2 Qb6 31. Bh3 Bxh3 32. Kxh3 h5 33. Ng5 Nxg5+ 34. hxg5 Nd8 35. Nf3 Nf7 36. Kg2 a6 37. Qf2 a5 38. Qc2 a4 39. Qf2 Kg8 40. Kh2 Qd8 41. Qb2 Nxg5 42. Nxg5 Qxg5 43. Qb8+ Kh7 44. Qa7+ Kh6 45. Qxc5 Qd2+ 46. Kh3 Qxd3 47. Qf8+ 1/2-1/2

[Event "Eupen"]
[Site "Eupen"]
[Date "2010.08.25"]
[Round "5"]
[White "Horvath, Csaba"]
[Black "Pytel, Krzysztof"]
[Result "1/2-1/2"]
[WhiteElo "2540"]
[BlackElo "2360"]
[PlyCount "37"]
[EventDate "2010.08.21"]
[EventType "tourn"]
[EventRounds "9"]
[EventCountry "BEL"]
[EventCategory "4"]
[SourceTitle "CBM 138 Extra"]
[Source "ChessBase"]
[SourceDate "2010.10.29"]
[SourceVersion "1"]
[SourceVersionDate "2010.10.29"]
[SourceQuality "1"]

1. d4 Nf6 2. c4 g6 3. Nc3 d5 4. Nf3 Bg7 5. Qb3 dxc4 6. Qxc4 0-0 7. e4 c6 8. Be2 b5 9. Qd3 Qa5 10. Nd2 Be6 11. 0-0 Rd8 12. e5 Nd5 13. Nb3 Qb6 14. Qg3 Na6 15. Ne4 Nab4 16. Bd2 Bf5 17. Qh4 a5 18. Rfc1 f6 19. a3 1/2-1/2

[Event "Rennes op 3th"]
[Site "Rennes"]
[Date "2010.07.18"]
[Round "2"]
[White "Pytel, Krzysztof"]
[Black "Auvray, Simon"]
[Result "1-0"]
[WhiteElo "2360"]
[BlackElo "2048"]
[PlyCount "53"]
[EventDate "2010.07.17"]
[EventType "swiss"]
[EventRounds "9"]
[EventCountry "FRA"]
[SourceTitle "EXT 2011"]
[Source "ChessBase"]
[SourceDate "2010.11.26"]
[SourceVersion "1"]
[SourceVersionDate "2010.11.26"]
[SourceQuality "1"]

1. d4 Nf6 2. Nf3 c5 3. c3 g6 4. dxc5 Bg7 5. Be3 0-0 6. Nbd2 Qc7 7. Nb3 Na6 8. Bd4 Re8 9. Ne5 Ne4 10. Nd3 e5 11. Be3 Bf8 12. g3 Nexc5 13. Nbxc5 Nxc5 14. Nb4 d6 15. Nd5 Qd8 16. Bg2 Be6 17. 0-0 Bxd5 18. Bxd5 Qc7 19. a4 Nd7 20. Qb3 Nb6 21. Bxb6 axb6 22. f4 Ra5 23. e4 Re7 24. f5 Bh6 25. fxg6 hxg6 26. Rf6 Rxd5 27. Qxd5 1-0

[Event "La Fere op"]
[Site "La Fere"]
[Date "2010.07.07"]
[Round "6"]
[White "Pytel, Krzysztof"]
[Black "Brugge, Rodolphe"]
[Result "1-0"]
[WhiteElo "2346"]
[BlackElo "1240"]
[PlyCount "107"]
[EventDate "2010.07.03"]
[EventType "swiss"]
[EventRounds "9"]
[EventCountry "FRA"]
[SourceTitle "CBM 137 Extra"]
[Source "ChessBase"]
[SourceDate "2010.09.01"]
[SourceVersion "1"]
[SourceVersionDate "2010.09.01"]
[SourceQuality "1"]

1. d4 d5 2. Nf3 Nc6 3. e3 Nf6 4. c4 e6 5. Nc3 Bb4 6. Bd3 0-0 7. 0-0 Bxc3 8. bxc3 a6 9. h3 Re8 10. cxd5 Qxd5 11. c4 Qd8 12. Bb2 b6 13. e4 Bb7 14. e5 Nd7 15. Re1 Nb4 16. Bb1 Nf8 17. a3 Nc6 18. Qe2 Qd7 19. Bd3 a5 20. Rad1 Rad8 21. Be4 Ra8 22. h4 h6 23. h5 Ne7 24. Nd2 Bxe4 25. Nxe4 Rad8 26. Qg4 Kh8 27. Qf4 Nf5 28. Rd3 b5 29. Nc5 Qc6 30. cxb5 Qxb5 31. Bc3 Nd7 32. Rf3 Nxc5 33. dxc5 Qxc5 34. Qa4 Nd4 35. Bxd4 Qxd4 36. Qxa5 c5 37. Rxf7 Rf8 38. Rxf8+ Rxf8 39. Re3 c4 40. Qc3 Rd8 41. Qxd4 Rxd4 42. g3 Rd3 43. Rxd3 cxd3 44. Kf1 Kg8 45. Ke1 Kf7 46. Kd2 g6 47. hxg6+ Kxg6 48. a4 Kf5 49. a5 Kxe5 50. a6 Kd4 51. a7 e5 52. a8Q e4 53. Qd8+ Ke5 54. Ke3 1-0

[Event "La Fere op"]
[Site "La Fere"]
[Date "2010.07.05"]
[Round "3"]
[White "Mataigne, Jean Michel"]
[Black "Pytel, Krzysztof"]
[Result "1-0"]
[WhiteElo "2054"]
[BlackElo "2346"]
[PlyCount "83"]
[EventDate "2010.07.03"]
[EventType "swiss"]
[EventRounds "9"]
[EventCountry "FRA"]
[SourceTitle "CBM 137 Extra"]
[Source "ChessBase"]
[SourceDate "2010.09.01"]
[SourceVersion "1"]
[SourceVersionDate "2010.09.01"]
[SourceQuality "1"]

1. e4 d5 2. exd5 Qxd5 3. Nc3 Qd6 4. d4 Nf6 5. Nf3 c6 6. Ne5 Nbd7 7. Nc4 Qc7 8. Qf3 Nb6 9. Bf4 Qd8 10. Be5 Be6 11. Ne3 Nbd5 12. Ncxd5 Nxd5 13. Be2 f6 14. Bg3 Qa5+ 15. c3 Nxc3 16. Qh5+ Qxh5 17. Bxh5+ g6 18. Bxg6+ hxg6 19. bxc3 Bh6 20. 0-0 Kf7 21. a4 b6 22. Rab1 Rhd8 23. Rfd1 Rac8 24. h3 c5 25. a5 cxd4 26. cxd4 bxa5 27. d5 Bd7 28. Rb7 a6 29. Bc7 Re8 30. Bxa5 Ba4 31. Rd4 Bb5 32. d6 Rc1+ 33. Kh2 Bc6 34. Rc7 Rc5 35. Rxc6 exd6 36. Rxc5 dxc5 37. Rd7+ Ke6 38. Ra7 Bf4+ 39. Kg1 Bxe3 40. fxe3 Kf5 41. Kf2 Re6 42. Rc7 1-0

[Event "BEL-chT 0910"]
[Site "Belgium"]
[Date "2010.02.28"]
[Round "9"]
[White "Pytel, Krzysztof"]
[Black "Steenbergen, Pepijn"]
[Result "1-0"]
[WhiteElo "2364"]
[BlackElo "1776"]
[PlyCount "35"]
[EventDate "2009.09.27"]
[EventType "team-tourn"]
[EventRounds "11"]
[EventCountry "BEL"]
[SourceTitle "EXT 2011"]
[Source "ChessBase"]
[SourceDate "2010.11.26"]
[SourceVersion "1"]
[SourceVersionDate "2010.11.26"]
[SourceQuality "1"]
[WhiteTeam "Wirtzfeld"]
[BlackTeam "Borgerhout"]
[WhiteTeamCountry "BEL"]
[BlackTeamCountry "BEL"]

1. d4 Nf6 2. Nf3 c5 3. dxc5 Qa5+ 4. Nbd2 Nc6 5. e3 Ne4 6. Be2 Nxc5 7. 0-0 d5 8. a3 Qc7 9. c4 dxc4 10. Bxc4 Bf5 11. b4 Nd7 12. Bb2 e6 13. Rc1 Qd8 14. Bb5 Qc7 15. Nd4 Ndb8 16. Qf3 Qe5 17. Rxc6 bxc6 18. Bxc6+ 1-0

[Event "BEL-chT 0910"]
[Site "Belgium"]
[Date "2010.02.07"]
[Round "8"]
[White "Pytel, Krzysztof"]
[Black "Vandenbussche, Thibaut"]
[Result "1-0"]
[WhiteElo "2364"]
[BlackElo "2289"]
[PlyCount "145"]
[EventDate "2009.09.27"]
[EventType "team-tourn"]
[EventRounds "11"]
[EventCountry "BEL"]
[SourceTitle "EXT 2011"]
[Source "ChessBase"]
[SourceDate "2010.11.26"]
[SourceVersion "1"]
[SourceVersionDate "2010.11.26"]
[SourceQuality "1"]
[WhiteTeam "Wirtzfeld"]
[BlackTeam "KGSRL"]
[WhiteTeamCountry "BEL"]
[BlackTeamCountry "BEL"]

1. d4 g6 2. Nf3 Bg7 3. c4 d6 4. g3 Nf6 5. Bg2 0-0 6. 0-0 Nc6 7. Nc3 a6 8. b3 Rb8 9. e3 b5 10. Qe2 b4 11. Na4 e6 12. Bb2 Bb7 13. Rfd1 Ne7 14. Ne1 Bxg2 15. Nxg2 Re8 16. e4 Qc8 17. f3 Qb7 18. Ne3 Nd7 19. d5 e5 20. c5 Qb5 21. Qf2 Nxc5 22. Nxc5 Qxc5 23. Rac1 Qb6 24. Nc4 Qb5 25. Rc2 f5 26. Bc1 Rf8 27. Qe2 Rf7 28. Be3 f4 29. Ba7 Ra8 30. Bf2 fxg3 31. hxg3 Raf8 32. Rd3 g5 33. Be3 Rxf3 34. Bxg5 R3f7 35. Bxe7 Rxe7 36. Ne3 Rf3 37. Qxf3 Qxd3 38. Rf2 Kh8 39. Kg2 Re8 40. Nf5 Qxf3+ 41. Kxf3 Bf8 42. Rc2 Rc8 43. Rc6 a5 44. Ra6 Kg8 45. Ke2 Kf7 46. Kd3 Kf6 47. Rxa5 Kg5 48. Ra4 c6 49. dxc6 d5 50. Ra6 Bc5 51. Ne3 Bxe3 52. Kxe3 d4+ 53. Kf3 Rf8+ 54. Ke2 Kg4 55. Ra7 Kxg3 56. Rxh7 Rf2+ 57. Kd3 Rf3+ 58. Kc4 Rc3+ 59. Kd5 d3 60. Kxe5 Rxc6 61. Rd7 Rc3 62. Kf5 Kf3 63. e5 Ke2 64. e6 d2 65. e7 Rf3+ 66. Kg6 Re3 67. Kf7 d1Q 68. Rxd1 Kxd1 69. e8Q Rxe8 70. Kxe8 Kc2 71. Kd7 Kb2 72. Kc6 Kxa2 73. Kc5 1-0

[Event "FRA-chT2 0910"]
[Site "France"]
[Date "2009.11.22"]
[Round "4.1"]
[White "Schwalfenberg, Joerg"]
[Black "Pytel, Krzysztof"]
[Result "1-0"]
[WhiteElo "2329"]
[BlackElo "2380"]
[PlyCount "99"]
[EventDate "2009.09.27"]
[EventType "team-tourn"]
[EventRounds "11"]
[EventCountry "FRA"]
[SourceTitle "EXT 2011"]
[Source "ChessBase"]
[SourceDate "2010.11.26"]
[SourceVersion "1"]
[SourceVersionDate "2010.11.26"]
[SourceQuality "1"]

1. d4 Nf6 2. Nf3 g6 3. c4 Bg7 4. Nc3 d5 5. Bg5 dxc4 6. Qa4+ c6 7. Qxc4 0-0 8. e3 b5 9. Qb3 Be6 10. Qc2 Qa5 11. Bxf6 exf6 12. Qd2 Nd7 13. Bd3 b4 14. Ne2 c5 15. 0-0 Bd5 16. e4 Bb7 17. a3 Qb6 18. axb4 cxd4 19. Ra5 a6 20. Ng3 Rfe8 21. Bc4 f5 22. Ng5 Re7 23. exf5 Ne5 24. Bd5 Bxd5 25. Rxd5 Nc4 26. Qd1 h6 27. N5e4 g5 28. Qc1 Ne5 29. f6 Rc7 30. Qd1 Bxf6 31. Rd6 Qxd6 32. Nxd6 Rd8 33. Nge4 Bg7 34. h4 gxh4 35. Qh5 Ng6 36. Qa5 Rcd7 37. Qxa6 Be5 38. Nc4 Bg7 39. Nf6+ Bxf6 40. Qxf6 d3 41. Rd1 Re7 42. Qf3 Rd4 43. b3 Nf4 44. b5 Ne2+ 45. Kh2 Nf4 46. b6 Kg7 47. b7 Re8 48. Qg4+ Kh7 49. Qc8 Rdd8 50. Qf5+ 1-0

[Event "FRA-chT2 0910"]
[Site "France"]
[Date "2009.10.18"]
[Round "3.1"]
[White "Pytel, Krzysztof"]
[Black "Iglesias, Yosha"]
[Result "1/2-1/2"]
[WhiteElo "2380"]
[BlackElo "2266"]
[PlyCount "34"]
[EventDate "2009.09.27"]
[EventType "team-tourn"]
[EventRounds "11"]
[EventCountry "FRA"]
[SourceTitle "EXT 2011"]
[Source "ChessBase"]
[SourceDate "2010.11.26"]
[SourceVersion "1"]
[SourceVersionDate "2010.11.26"]
[SourceQuality "1"]

1. d4 d5 2. Nf3 Nf6 3. c3 c5 4. Bg5 Ne4 5. Bf4 cxd4 6. cxd4 Nc6 7. Nc3 e6 8. e3 g5 9. Bg3 h5 10. h4 Nxg3 11. fxg3 g4 12. Nd2 Bd6 13. Ne2 Ne7 14. Nf4 Nf5 15. Kf2 e5 16. dxe5 Bc5 17. Bb5+ Kf8 1/2-1/2

[Event "La Fere op 8th"]
[Site "La Fere"]
[Date "2009.07.07"]
[Round "5"]
[White "Deneuville, Ludovic"]
[Black "Pytel, Krzysztof"]
[Result "0-1"]
[WhiteElo "1984"]
[BlackElo "2383"]
[PlyCount "108"]
[EventDate "2009.07.04"]
[EventType "swiss"]
[EventRounds "9"]
[EventCountry "FRA"]
[SourceTitle "CBM 131 Extra"]
[Source "ChessBase"]
[SourceDate "2009.09.03"]
[SourceVersion "2"]
[SourceVersionDate "2009.09.16"]
[SourceQuality "1"]

1. d4 Nf6 2. Bf4 g6 3. Nf3 d6 4. e3 Nh5 5. Bg5 h6 6. Bh4 g5 7. Bg3 Bg7 8. Bd3 e6 9. Nfd2 Nxg3 10. hxg3 Qe7 11. Qe2 Nc6 12. c3 Bd7 13. e4 f5 14. exf5 exf5 15. Qxe7+ Nxe7 16. Na3 0-0-0 17. 0-0-0 Rdf8 18. Rde1 Kd8 19. f4 Bc6 20. Re2 Nd5 21. Rf1 gxf4 22. gxf4 h5 23. Nc2 Bh6 24. Ref2 Rhg8 25. c4 Ne7 26. d5 Bd7 27. Ne3 Rg3 28. Re1 Ng6 29. Ndf1 Nxf4 30. Rxf4 Bxf4 31. Nxg3 Bxg3 32. Rf1 f4 33. Nc2 c5 34. dxc6 bxc6 35. Nd4 h4 36. Be4 Kc7 37. Ne2 Re8 38. Bd3 Rf8 39. Be4 Kb6 40. Kd2 Kc5 41. Kc3 Re8 42. b4+ Kb6 43. Bd3 Rf8 44. Be4 Rg8 45. Bd3 h3 46. gxh3 Bxh3 47. Rg1 Be6 48. Bh7 Rg5 49. Nd4 Bd7 50. Be4 Re5 51. Bd3 Re3 52. Kd2 c5 53. Nc2 Rf3 54. Rg2 Bh3 0-1

[Event "La Fere op 8th"]
[Site "La Fere"]
[Date "2009.07.06"]
[Round "4"]
[White "Pytel, Krzysztof"]
[Black "Thomas, Olivier"]
[Result "1-0"]
[WhiteElo "2383"]
[BlackElo "2068"]
[PlyCount "55"]
[EventDate "2009.07.04"]
[EventType "swiss"]
[EventRounds "9"]
[EventCountry "FRA"]
[SourceTitle "CBM 131 Extra"]
[Source "ChessBase"]
[SourceDate "2009.09.03"]
[SourceVersion "2"]
[SourceVersionDate "2009.09.16"]
[SourceQuality "1"]

1. d4 Nf6 2. Nf3 g6 3. c4 Bg7 4. Nc3 0-0 5. e4 d6 6. h3 Nbd7 7. Bg5 e5 8. d5 h6 9. Be3 Ne8 10. g4 Nc5 11. Rg1 Kh7 12. b4 Na6 13. a3 f5 14. gxf5 gxf5 15. exf5 Bxf5 16. Bd3 Kh8 17. Bxf5 Rxf5 18. Ne4 Rh5 19. Nfg5 Rxg5 20. Bxg5 hxg5 21. Qh5+ Kg8 22. Nxg5 Qf6 23. Qh7+ Kf8 24. Ne6+ Kf7 25. Qh5+ Ke7 26. Rg6 Qf7 27. Nxg7 Nxg7 28. Qg5+ 1-0

[Event "La Fere op 8th"]
[Site "La Fere"]
[Date "2009.07.05"]
[Round "2"]
[White "Riff, Jean Noel"]
[Black "Pytel, Krzysztof"]
[Result "1-0"]
[WhiteElo "2505"]
[BlackElo "2383"]
[PlyCount "92"]
[EventDate "2009.07.04"]
[EventType "swiss"]
[EventRounds "9"]
[EventCountry "FRA"]
[SourceTitle "CBM 131 Extra"]
[Source "ChessBase"]
[SourceDate "2009.09.03"]
[SourceVersion "2"]
[SourceVersionDate "2009.09.16"]
[SourceQuality "1"]

1. e4 e5 2. Nf3 Nc6 3. Bb5 g6 4. d4 exd4 5. Bg5 Be7 6. Bxe7 Qxe7 7. Bxc6 dxc6 8. Qxd4 Nf6 9. Nc3 Bg4 10. Nd2 c5 11. Qe3 0-0-0 12. h3 Bd7 13. 0-0-0 Bc6 14. Rhe1 b6 15. g4 Rd4 16. e5 Nd5 17. Nxd5 Rxd5 18. Nb1 Rxd1+ 19. Kxd1 h5 20. Nc3 hxg4 21. hxg4 Qd7+ 22. Kc1 Qxg4 23. e6 fxe6 24. Qxe6+ Qxe6 25. Rxe6 Be8 26. Rf6 Kd8 27. Kd2 Rh5 28. Rf3 Bd7 29. Rg3 Bf5 30. Nd1 Rh2 31. c3 Ke7 32. Rg1 Kf6 33. Ke2 Rh4 34. Ne3 Be6 35. a3 a5 36. Rd1 b5 37. Rd8 c6 38. Rd6 Ke7 39. Rxc6 b4 40. Rxc5 bxa3 41. Rxa5 axb2 42. Rb5 Kd6 43. Rxb2 Kc5 44. Rb7 Rf4 45. Re7 Kd6 46. Rg7 Bf7 1-0